AからZまで高速タイピング - Statistics

General Stats
  • This quiz has been taken 496 times
  • The average score is 19 of 26
Answer Stats
Answer % Correct
A
91%
E
86%
D
85%
B
84%
C
84%
Q
81%
F
80%
H
80%
I
80%
G
79%
J
79%
K
78%
O
74%
R
73%
P
72%
L
71%
N
70%
S
70%
W
70%
M
69%
T
69%
U
68%
Y
62%
V
60%
X
60%
Z
59%
No matching quizzes found
Score Distribution
Percent of People with Each Score
Percentile by Number Answered
Your Score History
You have not taken this quiz